• 首页
  • 本馆介绍
  • 公告通知
  • 最新文献
  • 馆藏检索
  • 电子资源
  • 读者导购
  • 参考咨询
  • 我的图书馆
  • 登录
  • 详细信息显示
  • 放入我的书架
  • 预约/预借图书
  • 作者相关作品
  • 分类相关作品
  • 丛书相关作品
  • 出版社相关作品

书目信息

  • 表格格式
  • 工作单格式
  • 卡片格式
题名:
中国古代青少年成才史话
    
 
作者: 朱仲玉 著
分册:  
出版信息: 天津   天津教育出版社  1991.11
页数: 121页
开本: 19cm
丛书名: 中国文化史知识丛书
单 册:
中图分类: C96-092
科图分类:
主题词: 青少年--人才学--中国--古代--通俗读物
电子资源:
ISBN: 978-7-5309-1213-3
000 00841nam2 2200253 450
001 0100364931
005 20100630103802.0
010    @a978-7-5309-1213-3@dCNY2.25
100    @a20021005d1991 em y0chiy0110 ea
101 0  @achi
102    @aCN@b120000
105    @af z 000yy
106    @ar
200 1  @a中国古代青少年成才史话@9Zhong Guo Gu Dai Qing Shao Nian Cheng Cai Shi Hua @f朱仲玉著@b专著
210    @a天津@c天津教育出版社@d1991.11
215    @a121页@c彩图@d19cm
225 2  @a中国文化史知识丛书@f任继愈主编
330    @a本书介绍了中国古代青少年成才的外因和内因,并以具体实例进行论述。
410  0 @12001 @a中国文化史知识丛书
606 0  @a青少年@x人才学@y中国@z古代@x通俗读物
690    @aC96-092@v3
701  0 @c(畲)@a朱仲玉@f(1926~)@9zhu zhong yu@4著
801  0 @aCN@bAiZhiMarc@c19920819
905    @aBZT@dC96@e19@f1@sC96/19
    
    中国古代青少年成才史话/朱仲玉著.-天津:天津教育出版社,1991.11
    121页:彩图;19cm.-(中国文化史知识丛书/任继愈主编)
    
    
    ISBN 978-7-5309-1213-3:CNY2.25
    本书介绍了中国古代青少年成才的外因和内因,并以具体实例进行论述。
●
相关链接 在五车中查询图书 在当当中查询图书 在豆瓣中查询图书


正题名:中国古代青少年成才史话     索取号:C96/19         预约/预借

序号 登录号 条形码 馆藏地/架位号 状态 备注
1 2000111508   2000111508   旧书回溯/ [索取号:C96/19] 在馆    
山东省滨州职业学院图书馆 欢迎您!
大连网信软件有限公司© 版权所有